Music Quiz

Random Music or Disney Quiz
Score 0/74 Timer 12:00
0 Plays Today
% Correct
You
94.4%
a
94.4%
a
94.4%
a
94.4%
you
94.4%
you
94.4%
I
94.4%
I
94.4%
to
88.9%
the
88.9%
to
88.9%
the
88.9%
To
88.9%
The
88.9%
the
88.9%
To
88.9%
Your
83.3%
me (To find me)
83.3%
me (To find me)
83.3%
do
77.8%
And
77.8%
And
77.8%
We
72.2%
are
72.2%
For
72.2%
one
72.2%
love
72.2%
For
72.2%
one
72.2%
love
72.2%
hear
66.7%
hear
66.7%
it
66.7%
will
66.7%
I'm
66.7%
find
66.7%
I'm
66.7%
% Correct
I'm
66.7%
I'm
66.7%
find
66.7%
wish
61.1%
if
61.1%
wish
61.1%
have
55.6%
come
55.6%
true
55.6%
say (He'll say)
55.6%
not
50%
tell?
50%
wanna
44.4%
secret?
44.4%
wishing
44.4%
Make
44.4%
into
44.4%
all
44.4%
wishing (I'm wishing)
44.4%
hoping (I'm hoping)
44.4%
wishing (I'm wishing)
44.4%
Promise
38.9%
well
38.9%
well
38.9%
Today (Today)
38.9%
of
38.9%
Today
38.9%
Today
38.9%
standing
33.3%
by
33.3%
That's
33.3%
echoing
33.3%
soon
33.3%
He'll
33.3%
dreaming
27.8%
nice
27.8%
things (The nice things)
27.8%
Remove Ads.
Support Sporcle.
Get the best of Sporcle when you Go Orange. This ad-free experience offers more features, more stats, and more fun while also helping to support Sporcle. Thank you for becoming a member.

You're not logged in!

Compare scores with friends on all Sporcle quizzes.
OR
Log In

Sporcle TV

Today on Sporcle TV


Watch our educational content, quiz creation guides, and fun videos on Sporcle TV.

Show Comments

Extras

Top Quizzes Today


Score Distribution

Paid Content

Your Account Isn't Verified!

In order to create a playlist on Sporcle, you need to verify the email address you used during registration. Go to your Sporcle Settings to finish the process.

Report this User

Report this user for behavior that violates our Community Guidelines.

Details: